Racionalizace jako společenský jev
Guardado en:
| Autor principal: | |
|---|---|
| Formato: | Libro |
| Lenguaje: | checo |
| Publicado: |
Praha
Horizont
1971
|
| Colección: | Na pomoc národnímu hospodářství
|
| Etiquetas: |
Sin Etiquetas, Sea el primero en etiquetar este registro!
|
MARC
| LEADER | 00000nam a2200000 4500 | ||
|---|---|---|---|
| 001 | c121928 | ||
| 005 | 20041019155223.8 | ||
| 041 | 0 | |a cze | |
| 044 | |a CZ | ||
| 245 | 1 | 0 | |a Racionalizace jako společenský jev |c Vladimír Čech |
| 264 | 1 | |a Praha |b Horizont |c 1971 | |
| 300 | |a 34 s. | ||
| 490 | 1 | |a Na pomoc národnímu hospodářství | |
| 830 | 0 | |a Na pomoc národnímu hospodářství | |
| 100 | 1 | |a Čech, Vladimír | |